000 00665nam a22002177a 4500
005 20141021151130.0
010 _aBAC-EN21 ENG-107583
020 _a9788132110842
_c495.00
035 _aEN-91116
037 _bPragati
037 _bDBAD/PUB
245 _aTagore - at home in the world /
_cedited by Sunjukta Dasgupta [and] Chinmoy Guha
260 _aNew Delhi
_bSage Publications
_c2011
270 _aB1/I-1 Mohan Cooperative Industrial Area Mathura Road
_bNew Delhi
_e110044
300 _axix,329p.
_c22cm(pbk)
500 _aIncludes index
700 _dDasgupta, Sanjukta
700 _dGuha, Chinmoy
942 _2ddc
_cEN
_mTAG
999 _c76591
_d76591